| 000 | 00817nam a2200229Ia 4500 | ||
|---|---|---|---|
| 003 | GCL | ||
| 008 | 140319s9999 xx 000 0 ara d | ||
| 040 |
_aGCL / _cGCL |
||
| 082 | 0 | 4 |
_a338.8 _bم ش |
| 100 | 1 | _aجورج خورى (مترجم) | |
| 245 | 1 | 0 |
_aالشركات المتعددة الجنسيات : الاقتصاد السياسى للاستثمارالمباشر الاجنبى / _cجورج خورى (مترجم) |
| 700 | 1 | _aهوكستشايلد، ارلى | |
| 700 | 1 | _aموران، ثيودور | |
| 700 | 1 | _aمنير لطفى | |
| 260 |
_a[S.N] : _bدار الفارس للنشر والتوزيع ، _c1994 |
||
| 300 | _a407 ص | ||
| 490 | _a | ||
| 650 | 0 | 4 | _aالشركات |
| 650 | 0 | 4 | _aالاستثمارات الاجنبية |
| 650 | 0 | 4 | _aالشركات الاجنبية |
| 942 |
_2ddc _cBK |
||
| 999 |
_c32289 _d32289 |
||